Statystyki dla Pięć państw z największą gospodarką według kontynentu

Kliknij tutaj aby rozwiązać quiz!

Ogólne statystyki

  • Ten quiz został rozwiązany 259 razy
  • Średni wynik to 24 z 30

Statystyki odpowiedzi

KontynentPKBPaństwo% Poprawnych
Europa2.95 TFrancja
97%
Europa4.46 TNiemcy
97%
Azja31.4 TChiny
96%
Ameryka Północna21.7 TStany Zjednoczone
96%
Europa3.39 TRosja
94%
Ameryka Północna1.91 TKanada
93%
Ameryka Północna2.58 TMeksyk
92%
Europa3.16 TWielka Brytania
92%
Oceania1.38 TAustralia
91%
Afryka1.49 TEgipt
91%
Ameryka Południowa3.48 TBrazylia
90%
Azja5.72 TJaponia
90%
Ameryka Południowa921 BArgentyna
88%
Europa2.40 TWłochy
88%
Oceania211 BNowa Zelandia
86%
Azja12.4 TIndie
85%
Afryka890 BRepublika
Południowej Afryki
85%
Ameryka Południowa511 BChile
82%
Ameryka Południowa816 BKolumbia
81%
Azja2.43 TKorea Południowa
76%
Ameryka Południowa491 BPeru
74%
Afryka1.23 TNigeria
73%
Afryka691 BAlgieria
71%
Azja4.17 TIndonezja
69%
Afryka339 BMaroko
67%
Oceania36.2 BPapua-Nowa
Gwinea
56%
Oceania11.0 BFidżi
49%
Ameryka Północna211 BDominikana
43%
Ameryka Północna162 BGwatemala
43%
Oceania1.52 BWyspy Salomona
36%

Rozkład punktacji

Percentyl według liczby udzielonych odpowiedzi

Procent ludzi z każdym wynikiem

Twoja historia wyników

Nie rozwiązałeś tego quizu